000
00220nam a22000977a 4500
999
_c
262412
_d
262411
020
_a
0138507848
100
_a
Barbara Emberley
245
_a
The Story Of Paul Bunyan
260
_a
U.S.A
_b
Prentice Hall
_c
1963
942
_c
BK